000
00257 a2200097 4500
001
27575
100
_a
Croxton, C.A
245
_a
Liquid state physics a statistical mech. introduction
260
_a
_b
Cambridge university press
_c
1974
090
_c
18362
_d
18362
942
_a
NUST-CAE
_c
M
_c
9294
999
_c
262648
_d
262648